000 00805nam a22002657a 4500
001 BR7400708
003 BR-BrBNA
005 20230928084525.0
007 ta
008 230509b bl.||||| |||| 00| 0 por d
040 _aBR-BrBNA
_bpor
_cBiblioteca Nacional de Agricultura
041 _a(Por)
072 _aF30
_b0150
_b/G514
090 _ 0150 BR7400708
110 1 _aInstituto Rio Grandense do Arroz, Cachoeirinha (Brasil). Estacao Experimental do Arroz
_96570
245 1 _aPlano de pesquisa e experimentacao - Safra 1971-72 [Estacao Experimental do Arroz]
260 3 _aCachoeirinha, RS (Brasil):
_c[nd].
300 _a85 p.
500 _aPublished after 1970
650 _aARROZ
650 _aHIBRIDO
650 _aGENETICA VEGETAL
909 _a202309
_bLucia
_c55
_dLucia Elande
942 _cBK
999 _c19517
_d19517